Wege zu einer Neugestaltung der Hauptverhandlung

Saved in:  
Bibliographic Details
Main Author: Sessar, Klaus 1937- (Author)
Format: Print Article
Language:German
Published: 1980
In: Zeitschrift für die gesamte Strafrechtswissenschaft
Year: 1980, Volume: 92, Issue: 3, Pages: 698-722
Check availability: HBZ Gateway
Keywords:

MARC

LEADER 00000caa a2200000 c 4500
001 1631630571
003 DE-627
005 20220607130350.0
007 tu
008 130411s1980 xx ||||| 00| ||ger c
035 |a (DE-627)1631630571 
035 |a (DE-576)381031519 
035 |a (DE-599)BSZ381031519 
040 |a DE-627  |b ger  |c DE-627  |e rakwb 
041 |a ger 
100 1 |a Sessar, Klaus  |d 1937-  |0 (DE-588)108161595  |0 (DE-627)523623135  |0 (DE-576)163046441  |4 aut 
109 |a Sessar, Klaus 1937-  |a Sessar, K. 1937- 
245 1 0 |a Wege zu einer Neugestaltung der Hauptverhandlung  |c Klaus Sessar 
264 1 |c 1980 
336 |a Text  |b txt  |2 rdacontent 
337 |a ohne Hilfsmittel zu benutzen  |b n  |2 rdamedia 
338 |a Band  |b nc  |2 rdacarrier 
773 0 8 |i In  |t Zeitschrift für die gesamte Strafrechtswissenschaft  |d Berlin [u.a.] : de Gruyter, 1881  |g 92(1980), 3, Seite 698-722  |w (DE-627)129491098  |w (DE-600)206260-4  |w (DE-576)014885867  |x 0084-5310  |7 nnas 
773 1 8 |g volume:92  |g year:1980  |g number:3  |g pages:698-722 
951 |a AR 
ELC |b 1 
LOK |0 000 xxxxxcx a22 zn 4500 
LOK |0 001 3282675186 
LOK |0 003 DE-627 
LOK |0 004 1631630571 
LOK |0 005 20250312095846 
LOK |0 008 130411||||||||||||||||ger||||||| 
LOK |0 040   |a DE-21-110  |c DE-627  |d DE-21-110 
LOK |0 689   |a s  |a Hauptverhandlung 
LOK |0 689   |a s  |a Strafverfahren 
LOK |0 852   |a DE-21-110 
LOK |0 852 1  |m p  |9 00 
LOK |0 935   |a k110 
LOK |0 938   |k p 
LOK |0 939   |a 11-04-13  |b l01 
ORI |a SA-MARC-krimdoka001.raw